01317nam a2200325Ia 4500001001200000003000800012006001900020007001500039008004100054010001700095020001800112020001500130040002100145035002100166050002500187082001900212100004300231245010700274260005600381300002600437504005100463533015200514650005400666650004800720650003200768655002900800710001700829856012600846999001900972ebr10178262CaPaEBRm u cr cn|||||||||960313s1996 qucb sb 001 0 eng d z 96900277  z9780773514034 z0773514031 aCaPaEBRcCaPaEBR a(OCoLC)19181897214aHC254.3b.R33 1996eb04a330.942/022201 aRaftis, J. A.q(James Ambrose),d1922-10aPeasant economic development within the English manorial systemh[electronic resource] /cJ.A. Raftis. aMontreal :bMcGill-Queen's University Press,c1996. aviii, 243 p. :bmaps. aIncludes bibliographical references and index. aElectronic reproduction.bPalo Alto, Calif. :cebrary,d2011.nAvailable via World Wide Web.nAccess may be limited to ebrary affiliated libraries. 0aFarm tenancyxEconomic aspectszEnglandxHistory. 0aManorsxEconomic aspectszEnglandxHistory. 0aPeasantszEnglandxHistory. 7aElectronic books.2local2 aebrary, Inc.40uhttp://site.ebrary.com/lib/rucke/Doc?id=10178262zAn electronic book accessible through the World Wide Web; click to view c236824d236824